000 00636nab a2200205 a 4500
005 20210219161639.0
008 991125s1985 mx 000 0 spa u
035 _aUPN01000189024
100 1 _aCastro Morera, María
222 0 _aBORDON :
222 0 _bREVISTA DE PEDAGOGIA
245 0 0 _a¿ Qué sabemos de la medida de las competencias ? : características y problemas psicométricos en la evaluación de competencias
260 _aMadrid, España
300 _a109-123
362 0 _a2011 Vol. 63, no. 1
653 0 _aEVALUACION DE COMPETENCIAS
653 0 _aEVALUACION EDUCATIVA
653 0 _aTESTS
905 _aArticulo
999 _c161127
_d161127